Classement du Ballon d'or 2004 - Statistiques

Statistiques générales
  • Ce quiz a été pris 164 fois
  • Le résultat moyen est 16 sur 29
Statistiques - réponses
Classement Joueur Club du joueur Nationalité % Correct
4 Thierry Henry Arsenal FC France
94%
12 Cristiano Ronaldo Manchester United Portugal
90%
3 Ronaldinho FC Barcelone Brésil
90%
7 Pavel Nedved Juventus FC République Tchèque
86%
23 Zinédine Zidane Real Madrid France
86%
15 Samuel Eto'o Majorque FC / FC Barcelone Cameroun
84%
22 Luis Figo Real Madrid Portugal
83%
14 Zlatan Ibrahimovic Ajax Amsterdam / Juventus FC Suède
83%
20 Didier Drogba Olympique de Marseille / Chelsea FC Côte d'ivoire
82%
2 Deco FC Porto / FC Barcelone Portugal
80%
8 Wayne Rooney Everton FC / Manchester United Angleterre
80%
1 Andriy Chevtchenko AC Milan Ukraine
74%
19 Frank Lampard Chelsea FC Angleterre
74%
16 Kaka AC Milan Brésil
72%
28 Paolo Maldini AC Milan Italie
68%
10 Ruud Van Nistelrooy Manchester United Pays-Bas
65%
21 Gianluigi Buffon Juventus FC Italie
63%
6 Adriano Parme Calcio / Inter Milan Brésil
54%
25 Ludovic Giuly AS Monaco / FC Barcelone France
54%
18 Fernando Morientes AS Monaco / Real Madrid Espagne
52%
9 Ricardo Carvalho FC Porto / Chelsea FC Portugal
52%
13 Milan Baros Liverpool FC République Tchèque
20%
11 Angelos Charisteas Werder Brême Grèce
18%
26 Maniche FC Porto Portugal
17%
5 Theodoros Zagorakis AEK Athènes / Bologne FC Grèce
6%
27 Antonios Nikopolidis Panathinaïkos / Olympiakos Grèce
4%
24 Rubén Baraja Valence CF Espagne
3%
17 Traianos Dellas AS Rome Grèce
3%
29 Vicente Valence CF Espagne
1%
Aucun quiz correspondant
Distribution des résultats
% des personnes avec chaque résultat
Percentile par nombre de réponses
Votre historique - résultats
Vous n’avez pas pris ce quiz